000 00468nam a2200169 a 4500
999 _c8350
_d8350
020 _a8121931002 (paperback)
020 _a9788121931007 (paperback)
082 _a620.00151KHU
100 1 _aKhurmi, R. S.
245 1 2 _aA Textbook of Engineering Mechanics /
260 _a[S.l.] :
_bS Chand & Co Ltd,
_c2008.
300 _a1 v. (unpaged)
650 _aMechanics
650 _aMechanics, Applied
856 4 0 _uhttp://10.10.170.122:8080/browse/book/1383
942 _cBK